The economics of ocean ranching Experriences, outlook and theory

Đã lưu trong:
书目详细资料
主要作者: RANGNAR ARNASON
格式: 图书
语言:Undetermined
出版: Rome, Italy FAO 2001
主题:
标签: 添加标签
没有标签, 成为第一个标记此记录!
Thư viện lưu trữ: Trung tâm Học liệu Trường Đại học Cần Thơ
LEADER 00519nam a2200193Ia 4500
001 CTU_49891
008 210402s9999 xx 000 0 und d
082 |a 338.3727 
082 |b A742 
100 |a RANGNAR ARNASON 
245 4 |a The economics of ocean ranching 
245 0 |b Experriences, outlook and theory 
245 0 |c RANGNAR ARNASON 
260 |a Rome, Italy 
260 |b FAO 
260 |c 2001 
650 |a fisheries 
650 |x economic aspects 
980 |a Trung tâm Học liệu Trường Đại học Cần Thơ